<?xml version="1.0" encoding="UTF-8"?>
<record
    xmlns:xsi="http://www.w3.org/2001/XMLSchema-instance"
    xsi:schemaLocation="http://www.loc.gov/MARC21/slim http://www.loc.gov/standards/marcxml/schema/MARC21slim.xsd"
    xmlns="http://www.loc.gov/MARC21/slim">

  <leader>02159cam a22002175a 4500</leader>
  <datafield tag="999" ind1=" " ind2=" ">
    <subfield code="c">27364</subfield>
    <subfield code="d">27335</subfield>
  </datafield>
  <controlfield tag="005">20190415105023.0</controlfield>
  <controlfield tag="008">180816t2019    sz a   frb    001 0 eng d</controlfield>
  <datafield tag="020" ind1=" " ind2=" ">
    <subfield code="a">9783319612546</subfield>
  </datafield>
  <datafield tag="040" ind1=" " ind2=" ">
    <subfield code="a">DLC</subfield>
    <subfield code="b">eng</subfield>
    <subfield code="c">DLC</subfield>
    <subfield code="d">EG-ScBUE</subfield>
    <subfield code="d">EG-ScBUE</subfield>
  </datafield>
  <datafield tag="082" ind1="0" ind2="4">
    <subfield code="a">616.99431</subfield>
    <subfield code="b">ORA</subfield>
    <subfield code="2">22</subfield>
  </datafield>
  <datafield tag="245" ind1="0" ind2="0">
    <subfield code="a">Oral cancer detection :</subfield>
    <subfield code="b">novel strategies and clinical impact /</subfield>
    <subfield code="c">edited by Prashanth Panta.</subfield>
  </datafield>
  <datafield tag="260" ind1=" " ind2=" ">
    <subfield code="a">Cham :</subfield>
    <subfield code="b">Springer,</subfield>
    <subfield code="c">c.2019.</subfield>
  </datafield>
  <datafield tag="300" ind1=" " ind2=" ">
    <subfield code="a">x, 314 p. :</subfield>
    <subfield code="b">ill. (some col.) ;</subfield>
    <subfield code="c">24 cm.</subfield>
  </datafield>
  <datafield tag="504" ind1=" " ind2=" ">
    <subfield code="a">Includes bibliographical references and index.
</subfield>
  </datafield>
  <datafield tag="520" ind1=" " ind2=" ">
    <subfield code="a">This monograph equips clinicians with the knowledge required to detect oral cancer at the earliest possible stage while simultaneously inspiring researchers to work on novel methods of detection. All the methods employed in the oral cancer context are considered, from simple ones like oral screening to more complex emerging optical methods and biomarker identification strategies. Individual chapters focus on conventional oral screening and application of vital stains, optical methods like white light based fluorescence-reflectance imaging, narrow band imaging, direct-oral-microscopy, and more advanced methods like optical coherence tomography, an in-vivo optical biopsy technique, and photo-acoustic imaging that allows visualization of deeper tissue changes. Novel electrical methods like bio-impedance assessment, occult biophysical methods like crystallization test, and the most promising salivary biomarkers and point-of-care opportunities are covered. Helpful information is also provided on essential topics including, oral potentially malignant disorders, biological aspects and molecular mechanisms underlying oral cancer progression, global epidemiology, concept of diagnostic delays, traditional imaging, and classic histopathology and microscopic features. The newer techniques are currently of active research interest, and can soon become powerful chair-side tools with potential to reduce diagnostic delays and improve survival.</subfield>
  </datafield>
  <datafield tag="650" ind1=" " ind2="7">
    <subfield code="a">Mouth</subfield>
    <subfield code="x">Cancer</subfield>
    <subfield code="x">Diagnosis.</subfield>
    <subfield code="2">BUEsh</subfield>
  </datafield>
  <datafield tag="651" ind1=" " ind2=" ">
    <subfield code="2">BUEsh</subfield>
  </datafield>
  <datafield tag="653" ind1=" " ind2=" ">
    <subfield code="b">DDent</subfield>
    <subfield code="c">April2019</subfield>
  </datafield>
  <datafield tag="700" ind1="1" ind2=" ">
    <subfield code="a">Panta, Prashanth,</subfield>
    <subfield code="e">editor.</subfield>
  </datafield>
  <datafield tag="942" ind1=" " ind2=" ">
    <subfield code="2">ddc</subfield>
  </datafield>
  <datafield tag="952" ind1=" " ind2=" ">
    <subfield code="0">0</subfield>
    <subfield code="1">0</subfield>
    <subfield code="2">ddc</subfield>
    <subfield code="4">0</subfield>
    <subfield code="7">0</subfield>
    <subfield code="8">Baccah</subfield>
    <subfield code="a">MAIN</subfield>
    <subfield code="b">MAIN</subfield>
    <subfield code="c">1ST</subfield>
    <subfield code="d">2019-04-09</subfield>
    <subfield code="e">Purchase</subfield>
    <subfield code="g">3750.00</subfield>
    <subfield code="h">176</subfield>
    <subfield code="l">0</subfield>
    <subfield code="o">616.99431 ORA</subfield>
    <subfield code="p">000043324</subfield>
    <subfield code="r">2025-07-15 00:00:00</subfield>
    <subfield code="v">4687.50</subfield>
    <subfield code="y">BB</subfield>
  </datafield>
</record>
